[Event "The Irish Championship 2020"]
[Site "Colaiste Eanna, Dublin, Ireland"]
[Date "2020.08.05"]
[Round "5"]
[Board "6"]
[White "Flynn, Jacob"]
[Black "Cafolla, Peter"]
[Result "1-0"]
[WhiteElo "2114"]
[BlackElo "1955"]
[PlyCount "0"]
[EventDate "2020.08.01"]
[EventRounds "9"]
[EventCountry "IRL"]

1. d4 {[%clk 02:16:05]} {[%emt 00:00:02]} d5 {[%clk 02:16:06]} {[%emt
00:00:05]} 2. c4 {[%clk 02:16:34]} {[%emt 00:00:07]} Nc6 {[%clk 02:16:37]}
{[%emt 00:00:03]} 3. cxd5 {[%clk 02:16:41]} {[%emt 00:00:28]} Qxd5 {[%clk
02:17:05]} {[%emt 00:00:07]} 4. e3 {[%clk 02:17:12]} {[%emt 00:00:04]} e5
{[%clk 02:17:31]} {[%emt 00:00:09]} 5. Nc3 {[%clk 02:17:40]} {[%emt 00:00:07]}
Bb4 {[%clk 02:18:01]} {[%emt 00:00:06]} 6. a3 {[%clk 02:17:53]} {[%emt
00:00:22]} Bxc3+ {[%clk 02:18:04]} {[%emt 00:00:32]} 7. bxc3 {[%clk 02:18:25]}
{[%emt 00:00:02]} exd4 {[%clk 02:13:02]} {[%emt 00:05:37]} 8. cxd4 {[%clk
02:17:31]} {[%emt 00:01:29]} Nf6 {[%clk 02:13:28]} {[%emt 00:00:09]} 9. Nf3
{[%clk 02:14:08]} {[%emt 00:03:58]} O-O {[%clk 02:13:39]} {[%emt 00:00:24]} 10.
Rb1 {[%clk 02:04:47]} {[%emt 00:09:56]} a6 {[%clk 02:05:44]} {[%emt 00:08:30]}
11. Be2 {[%clk 01:54:39]} {[%emt 00:10:43]} Ne4 {[%clk 01:50:58]} {[%emt
00:15:21]} 12. Bd2 {[%clk 01:50:17]} {[%emt 00:04:56]} Rb8 {[%clk 01:45:56]}
{[%emt 00:05:37]} 13. O-O {[%clk 01:43:50]} {[%emt 00:07:03]} b5 {[%clk
01:46:19]} {[%emt 00:00:13]} 14. Qc2 {[%clk 01:38:24]} {[%emt 00:06:01]} Bg4
{[%clk 01:42:06]} {[%emt 00:04:48]} 15. Rfc1 {[%clk 01:37:28]} {[%emt
00:01:31]} Bd7 {[%clk 01:35:53]} {[%emt 00:13:32]} 16. Be1 {[%clk 01:27:44]}
{[%emt 00:03:34]} Rfe8 {[%clk 01:32:15]} {[%emt 00:04:14]} 17. Nd2 {[%clk
01:04:05]} {[%emt 00:24:13]} f5 {[%clk 01:23:47]} {[%emt 00:09:03]} 18. a4
{[%clk 00:57:19]} {[%emt 00:07:21]} Nd8 {[%clk 01:19:55]} {[%emt 00:11:54]} 19.
Bc4 {[%clk 00:52:39]} bxc4 {[%clk 01:17:31]} {[%emt 00:00:48]} 20. Rxb8 {[%clk
00:53:08]} {[%emt 00:00:05]} Nxd2 {[%clk 01:11:02]} {[%emt 00:07:04]} 21. Bxd2
{[%clk 00:49:53]} {[%emt 00:03:51]} Be6 {[%clk 01:11:28]} {[%emt 00:00:09]} 22.
Qc3 {[%clk 00:48:35]} {[%emt 00:01:52]} Kf7 {[%clk 01:08:44]} {[%emt 00:03:19]}
23. Qa5 {[%clk 00:40:22]} {[%emt 00:08:48]} Qd6 {[%clk 01:09:03]} {[%emt
00:00:17]} 24. Bb4 {[%clk 00:30:53]} {[%emt 00:10:04]} c5 {[%clk 01:02:14]}
{[%emt 00:07:24]} 25. Rb6 {[%clk 00:29:57]} {[%emt 00:01:31]} Nc6 {[%clk
01:00:23]} {[%emt 00:02:27]} 26. Qxc5 {[%clk 00:29:26]} {[%emt 00:01:04]} Qxc5
{[%clk 00:59:35]} {[%emt 00:01:23]} 27. Bxc5 {[%clk 00:29:57]} {[%emt
00:00:04]} Na5 {[%clk 00:59:32]} {[%emt 00:00:40]} 28. Rxa6 {[%clk 00:29:01]}
{[%emt 00:01:30]} Nb3 {[%clk 00:59:55]} {[%emt 00:00:13]} 29. Rc3 {[%clk
00:28:31]} {[%emt 00:01:06]} Nd2 {[%clk 00:54:54]} {[%emt 00:05:35]} 30. f3
{[%clk 00:27:06]} {[%emt 00:02:00]} Rb8 {[%clk 00:53:38]} {[%emt 00:01:51]} 31.
Bb6 {[%clk 00:26:38]} {[%emt 00:01:04]} Ke8 {[%clk 00:49:56]} {[%emt 00:04:17]}
32. a5 {[%clk 00:26:59]} {[%emt 00:00:14]} Kd7 {[%clk 00:48:39]} {[%emt
00:01:53]} 33. Rc2 {[%clk 00:24:01]} {[%emt 00:03:32]} Nb3 {[%clk 00:47:04]}
{[%emt 00:02:10]} 34. e4 {[%clk 00:23:39]} {[%emt 00:00:57]} Rc8 {[%clk
00:47:25]} {[%emt 00:00:13]} 35. d5 {[%clk 00:23:15]} {[%emt 00:00:59]} Bg8
{[%clk 00:47:10]} {[%emt 00:00:50]} 36. Ra7+ {[%clk 00:23:24]} {[%emt
00:00:26]} Kd6 {[%clk 00:47:33]} {[%emt 00:00:12]} 37. Rxg7 {[%clk 00:23:31]}
{[%emt 00:00:28]} f4 {[%clk 00:44:59]} {[%emt 00:03:10]} 38. a6 {[%clk
00:23:06]} {[%emt 00:01:00]} Na1 {[%clk 00:43:47]} {[%emt 00:01:48]} 39. Ra2
{[%clk 00:23:18]} {[%emt 00:00:22]} 1-0

[Event "The Irish Championship 2020"]
[Site "Colaiste Eanna, Dublin, Ireland"]
[Date "2020.08.05"]
[Round "5"]
[Board "7"]
[White "Moran, Darragh"]
[Black "Melaugh, Gavin"]
[Result "0-1"]
[WhiteElo "1873"]
[BlackElo "2003"]
[PlyCount "0"]
[EventDate "2020.08.01"]
[EventRounds "9"]
[EventCountry "IRL"]

1. e4 {[%clk 02:06:09]} {[%emt 00:10:01]} c5 {[%clk 02:15:09]} {[%emt
00:01:01]} 2. Nc3 {[%clk 02:06:34]} {[%emt 00:00:11]} Nc6 {[%clk 02:15:00]}
{[%emt 00:00:43]} 3. Bb5 {[%clk 02:07:05]} {[%emt 00:00:05]} g6 {[%clk
02:15:07]} {[%emt 00:00:29]} 4. Bxc6 {[%clk 02:07:34]} {[%emt 00:00:04]} bxc6
{[%clk 02:09:14]} {[%emt 00:06:28]} 5. d3 {[%clk 02:07:23]} {[%emt 00:00:47]}
Bg7 {[%emt 00:01:20]} 6. Be3 {[%clk 02:06:42]} {[%emt 00:00:23]} d6 {[%clk
02:09:49]} {[%emt 00:00:06]} 7. Qd2 {[%clk 02:05:49]} {[%emt 00:01:29]} e5
{[%clk 02:07:40]} {[%emt 00:02:44]} 8. f4 {[%clk 02:02:31]} {[%emt 00:03:54]}
Rb8 {[%clk 01:49:54]} {[%emt 00:18:21]} 9. fxe5 {[%clk 01:58:31]} {[%emt
00:04:35]} Bxe5 {[%clk 01:40:12]} {[%emt 00:10:17]} 10. Nf3 {[%clk 01:57:54]}
{[%emt 00:01:11]} Bg7 {[%clk 01:38:24]} {[%emt 00:02:24]} 11. Rb1 {[%clk
01:50:46]} {[%emt 00:07:43]} Nf6 {[%clk 01:20:02]} {[%emt 00:21:51]} 12. e5
{[%clk 01:44:06]} {[%emt 00:04:22]} Ng4 {[%clk 01:12:07]} {[%emt 00:08:30]} 13.
exd6 {[%clk 01:40:52]} {[%emt 00:03:49]} O-O {[%clk 01:04:39]} {[%emt
00:08:02]} 14. Bxc5 {[%clk 01:28:32]} {[%emt 00:12:54]} Bh6 {[%clk 00:51:17]}
{[%emt 00:13:57]} 15. Qd1 {[%clk 01:19:34]} {[%emt 00:09:34]} Re8+ {[%clk
00:49:41]} {[%emt 00:02:11]} 16. Kf1 {[%clk 01:12:39]} {[%emt 00:07:31]} Be3
{[%clk 00:48:10]} {[%emt 00:02:05]} 17. d4 {[%clk 01:06:35]} {[%emt 00:06:39]}
Ba6+ {[%clk 00:44:35]} {[%emt 00:04:11]} 18. Ne2 {[%clk 01:05:37]} {[%emt
00:01:32]} Nf2 {[%clk 00:43:09]} {[%emt 00:02:01]} 19. Qe1 {[%clk 01:05:21]}
{[%emt 00:00:52]} Nxh1 {[%clk 00:43:18]} {[%emt 00:00:26]} 20. Ne5 {[%clk
01:00:13]} {[%emt 00:05:43]} Qf6+ {[%clk 00:42:04]} {[%emt 00:01:47]}  0-1

[Event "The Irish Championship 2020"]
[Site "Colaiste Eanna, Dublin, Ireland"]
[Date "2020.08.05"]
[Round "5"]
[Board "8"]
[White "Peoples, Jonathon"]
[Black "Collins, Adam"]
[Result "1-0"]
[WhiteElo "1932"]
[BlackElo "1760"]
[PlyCount "0"]
[EventDate "2020.08.01"]
[EventRounds "9"]
[EventCountry "IRL"]

1. Nf3 {[%clk 02:16:01]} {[%emt 00:00:07]} d5 {[%clk 02:16:07]} {[%emt
00:00:03]} 2. e3 {[%clk 02:16:31]} {[%emt 00:00:06]} Nf6 {[%clk 02:15:52]}
{[%emt 00:00:51]} 3. c4 {[%clk 02:16:59]} {[%emt 00:00:06]} c6 {[%clk
02:15:49]} {[%emt 00:00:38]} 4. Nc3 {[%clk 02:17:05]} {[%emt 00:00:29]} e6
{[%clk 02:14:15]} {[%emt 00:02:09]} 5. d4 {[%clk 02:14:44]} {[%emt 00:02:56]}
Nbd7 {[%clk 02:06:50]} {[%emt 00:08:00]} 6. Bd3 {[%clk 02:13:31]} {[%emt
00:01:48]} dxc4 {[%clk 02:02:50]} {[%emt 00:04:36]} 7. Bxc4 {[%clk 02:14:00]}
{[%emt 00:00:06]} Be7 {[%clk 01:57:48]} {[%emt 00:05:35]} 8. O-O {[%clk
02:11:04]} {[%emt 00:03:31]} b5 {[%clk 01:49:39]} {[%emt 00:08:45]} 9. Bd3
{[%clk 02:04:50]} {[%emt 00:06:50]} Bb7 {[%clk 01:47:50]} {[%emt 00:02:23]} 10.
e4 {[%clk 01:56:22]} {[%emt 00:09:04]} b4 {[%clk 01:34:15]} {[%emt 00:14:10]}
11. e5 {[%clk 01:51:11]} {[%emt 00:05:45]} bxc3 {[%clk 01:19:31]} {[%emt
00:24:09]} 12. exf6 {[%clk 01:51:32]} Bxf6 {[%clk 01:19:48]} 13. bxc3 {[%clk
01:52:02]} O-O {[%clk 01:19:52]} 14. Rb1 {[%clk 01:47:37]} Qc7 {[%clk
01:10:57]} {[%emt 00:06:43]} 15. Ng5 {[%clk 01:26:49]} {[%emt 00:21:28]} g6
{[%clk 00:55:14]} {[%emt 00:16:18]} 16. Qf3 {[%clk 01:19:28]} {[%emt 00:07:56]}
Kg7 {[%clk 00:39:19]} {[%emt 00:16:31]} 17. Ne4 {[%clk 01:06:00]} {[%emt
00:14:03]} Be7 {[%clk 00:22:25]} {[%emt 00:17:26]} 18. Bf4 {[%clk 01:01:51]}
{[%emt 00:04:45]} e5 {[%clk 00:14:06]} {[%emt 00:08:57]} 19. dxe5 {[%clk
01:01:48]} {[%emt 00:00:38]} Nb6 {[%clk 00:12:42]} {[%emt 00:02:00]} 20. e6
{[%clk 00:58:27]} {[%emt 00:03:56]} Qc8 {[%clk 00:12:04]} {[%emt 00:01:14]} 21.
Nd6 {[%clk 00:58:15]} {[%emt 00:00:45]} Bxd6 {[%clk 00:11:15]} {[%emt
00:01:25]} 22. Bxd6 {[%clk 00:58:44]} {[%emt 00:00:05]} Qxe6 {[%clk 00:11:15]}
{[%emt 00:00:35]} 23. Bxf8+ {[%clk 00:58:00]} {[%emt 00:01:20]} Rxf8 {[%clk
00:11:36]} {[%emt 00:00:14]} 24. a4 {[%clk 00:55:33]} {[%emt 00:03:02]} Ba8
{[%clk 00:09:57]} {[%emt 00:02:14]} 25. a5 {[%clk 00:53:42]} {[%emt 00:02:26]}
c5 {[%clk 00:08:42]} {[%emt 00:01:50]} 26. Qg3 {[%clk 00:52:27]} {[%emt
00:01:49]} Nd5 {[%clk 00:07:44]} {[%emt 00:01:33]} 27. Bc4 {[%clk 00:52:02]}
{[%emt 00:01:00]} Re8 {[%clk 00:07:29]} {[%emt 00:00:49]} 28. Rb8 {[%clk
00:50:14]} {[%emt 00:02:23]} Rxb8 {[%clk 00:05:20]} {[%emt 00:02:45]} 29. Qxb8
{[%clk 00:50:43]} {[%emt 00:00:07]} Qc6 {[%clk 00:05:43]} {[%emt 00:00:10]} 30.
Bb5 {[%clk 00:48:14]} {[%emt 00:03:06]} Qb7 {[%clk 00:05:20]} {[%emt 00:00:58]}
31. Qxb7 {[%clk 00:48:17]} {[%emt 00:00:32]} Bxb7 {[%clk 00:05:51]} {[%emt
00:00:05]} 32. a6 {[%clk 00:47:08]} {[%emt 00:01:43]} Bc8 {[%clk 00:06:10]}
{[%emt 00:00:15]} 33. c4 {[%clk 00:47:11]} {[%emt 00:00:33]} Nb6 {[%clk
00:05:43]} {[%emt 00:01:02]} 34. Rd1 {[%clk 00:47:24]} {[%emt 00:00:21]} Be6
{[%clk 00:05:58]} {[%emt 00:00:21]} 35. Rd8 {[%clk 00:46:19]} {[%emt 00:01:39]}
Nxc4 {[%clk 00:06:05]} {[%emt 00:00:29]} 36. Ra8 {[%clk 00:46:41]} {[%emt
00:00:13]} Nd6 {[%clk 00:06:31]} {[%emt 00:00:09]} 37. Bc6 {[%clk 00:45:58]}
{[%emt 00:01:16]} c4 {[%clk 00:06:33]} {[%emt 00:00:35]} 38. Rxa7 {[%clk
00:44:57]} {[%emt 00:01:36]} c3 {[%clk 00:06:40]} {[%emt 00:00:29]} 39. Ba4
{[%clk 00:44:53]} {[%emt 00:00:37]} Bc4 {[%clk 00:05:34]} {[%emt 00:01:43]} 40.
Rd7 {[%clk 00:42:47]} {[%emt 00:02:40]} Bb5 {[%clk 00:05:26]} {[%emt 00:00:44]}
41. Bxb5 {[%clk 00:43:10]} {[%emt 00:00:13]} Nxb5 {[%clk 00:05:56]} {[%emt
00:00:04]} 42. Rd1 {[%clk 00:43:40]} {[%emt 00:00:05]} Kf6 {[%clk 00:04:45]}
{[%emt 00:01:46]} 43. Rc1 {[%clk 00:44:00]} {[%emt 00:00:15]} Ke6 {[%clk
00:05:08]} {[%emt 00:00:12]} 44. Rxc3 {[%clk 00:44:20]} {[%emt 00:00:16]} Kd6
{[%clk 00:05:18]} {[%emt 00:00:24]} 45. Rc1 {[%clk 00:44:18]} {[%emt 00:00:37]}
f5 {[%clk 00:05:42]} {[%emt 00:00:12]} 46. Rb1 {[%clk 00:44:08]} {[%emt
00:00:44]} Nc7 {[%clk 00:05:59]} {[%emt 00:00:18]} 47. a7 {[%clk 00:44:18]}
{[%emt 00:00:25]} f4 {[%clk 00:06:26]} {[%emt 00:00:08]} 48. Rb8 {[%clk
00:44:32]} {[%emt 00:00:20]} h5 {[%emt 00:00:28]} 49. a8=Q {[%clk 00:44:58]}
Nxa8 {[%clk 00:07:14]} {[%emt 00:00:05]} 50. Rxa8 {[%clk 00:45:27]} {[%emt
00:00:05]} Ke5 {[%clk 00:07:38]} {[%emt 00:00:10]} 51. Kf1 {[%clk 00:45:48]}
{[%emt 00:00:14]} Kf5 {[%clk 00:07:29]} {[%emt 00:00:10]}  1-0

[Event "The Irish Championship 2020"]
[Site "Colaiste Eanna, Dublin, Ireland"]
[Date "2020.08.05"]
[Round "5"]
[Board "9"]
[White "Kanyamarala, Tarun"]
[Black "Collins, Sam"]
[Result "0-1"]
[WhiteElo "2381"]
[BlackElo "2459"]
[PlyCount "0"]
[EventDate "2020.08.01"]
[EventRounds "9"]
[EventCountry "IRL"]

1. e4 {[%clk 02:16:01]} {[%emt 00:00:06]} e5 {[%emt 00:02:15]} 2. Nf3 {[%clk
02:16:20]} {[%emt 00:00:06]} Nc6 {[%emt 00:00:21]} 3. Nc3 {[%clk 02:16:36]}
{[%emt 00:00:16]} Nf6 {[%emt 00:01:12]} 4. Bb5 {[%clk 02:16:52]} {[%emt
00:00:07]} Bb4 {[%emt 00:02:53]} 5. O-O {[%clk 02:17:01]} {[%emt 00:00:22]} O-O
{[%emt 00:00:41]} 6. Bxc6 {[%clk 02:17:15]} {[%emt 00:00:13]} dxc6 {[%emt
00:07:23]} 7. d3 {[%clk 02:16:49]} {[%emt 00:00:13]} Nd7 {[%emt 00:05:13]} 8.
Bg5 {[%clk 02:16:58]} {[%emt 00:00:22]} Be7 {[%emt 00:14:02]} 9. Be3 {[%clk
02:13:05]} {[%emt 00:04:22]} Re8 {[%emt 00:02:03]} 10. Ne2 {[%clk 02:09:45]}
{[%emt 00:03:50]} Bf6 {[%emt 00:08:29]} 11. Ng3 {[%clk 01:55:26]} {[%emt
00:14:48]} Nf8 {[%emt 00:05:04]} 12. h3 {[%clk 01:51:22]} {[%emt 00:04:29]} Ne6
{[%emt 00:23:21]} 13. b4 {[%clk 01:28:45]} {[%emt 00:19:14]} a5 {[%emt
00:09:50]} 14. a3 {[%clk 01:26:58]} {[%emt 00:00:29]} g6 {[%emt 00:00:27]} 15.
Qd2 {[%clk 01:14:35]} {[%emt 00:12:53]} b6 {[%emt 00:01:19]} 16. Qc3 {[%clk
00:53:13]} {[%emt 00:21:53]} Qd6 {[%emt 00:13:32]} 17. Nd2 {[%clk 00:46:40]}
{[%emt 00:06:56]} Nf4 {[%emt 00:09:09]} 18. Nc4 {[%clk 00:06:36]} {[%emt
00:40:36]} Qe6 {[%emt 00:03:40]} 19. Rfd1 {[%clk 00:02:07]} {[%emt 00:05:00]}
h5 {[%emt 00:07:05]} 20. Qe1 {[%clk 00:00:54]} {[%emt 00:01:45]} h4 {[%emt
00:07:35]} 21. Nh1 {[%clk 00:00:46]} {[%emt 00:00:41]} g5 {[%emt 00:01:41]} 22.
Bxf4 {[%clk 00:00:53]} {[%emt 00:00:26]} exf4 {[%emt 00:00:24]} 23. f3 {[%clk
00:00:45]} {[%emt 00:00:41]} Bxa1 {[%emt 00:03:20]} 24. Rxa1 {[%clk 00:01:15]}
{[%emt 00:00:02]} axb4 {[%emt 00:00:26]} 25. Qxb4 {[%clk 00:01:35]} {[%emt
00:00:12]} Ba6 {[%emt 00:00:31]} 26. Nd2 {[%clk 00:01:55]} {[%emt 00:00:12]}
Qf6 {[%emt 00:02:11]} 27. Re1 {[%clk 00:00:57]} {[%emt 00:01:29]} c5 {[%emt
00:01:12]} 28. Qb3 {[%clk 00:01:23]} {[%emt 00:00:06]} Qd4+ {[%emt 00:03:01]}
29. Nf2 {[%clk 00:01:49]} {[%emt 00:00:06]} Kg7 {[%emt 00:00:29]} 30. Qb1
{[%clk 00:00:51]} {[%emt 00:01:30]} Bc8 {[%emt 00:03:45]} 31. Qc1 {[%clk
00:00:45]} {[%emt 00:00:39]} Bd7 {[%emt 00:02:19]} 32. Nb3 {[%clk 00:01:00]}
{[%emt 00:00:15]} Qc3 {[%emt 00:01:49]} 33. e5 {[%clk 00:01:12]} {[%emt
00:00:20]} c4 {[%emt 00:03:12]} 34. dxc4 {[%clk 00:00:54]} {[%emt 00:00:50]}
Bf5 {[%emt 00:01:33]} 35. c5 {[%clk 00:00:42]} {[%emt 00:00:46]} bxc5 {[%emt
00:02:03]} 36. Re2 {[%clk 00:00:52]} {[%emt 00:00:22]} Qc4 {[%emt 00:01:18]} 37.
Qe1 {[%clk 00:00:47]} {[%emt 00:00:38]} Rxa3 {[%clk 00:10:35]} {[%emt
00:01:12]}  0-1

[Event "The Irish Championship 2020"]
[Site "Colaiste Eanna, Dublin, Ireland"]
[Date "2020.08.05"]
[Round "5"]
[Board "10"]
[White "O'Connor, Jonathan"]
[Black "Brady, Stephen"]
[Result "0-1"]
[WhiteElo "2159"]
[BlackElo "2290"]
[PlyCount "0"]
[EventDate "2020.08.01"]
[EventRounds "9"]
[EventCountry "IRL"]

1. d4 {[%clk 02:16:07]} {[%emt 00:00:02]} Nf6 {[%emt 00:00:55]} 2. c4 {[%clk
02:16:31]} {[%emt 00:00:10]} e6 {[%emt 00:00:14]} 3. g3 {[%clk 02:16:57]}
{[%emt 00:00:07]} d5 {[%emt 00:00:17]} 4. Nf3 {[%clk 02:17:23]} {[%emt
00:00:07]} Bb4+ {[%emt 00:00:20]} 5. Bd2 {[%clk 02:17:36]} {[%emt 00:00:20]}
Be7 {[%emt 00:00:15]} 6. Bg2 {[%clk 02:17:59]} {[%emt 00:00:07]} O-O {[%emt
00:00:14]} 7. O-O {[%clk 02:18:15]} {[%emt 00:00:18]} Nbd7 {[%emt 00:01:37]} 8.
Qc2 {[%clk 02:16:38]} {[%emt 00:02:09]} c6 {[%emt 00:00:55]} 9. Bf4 {[%clk
02:13:02]} {[%emt 00:04:09]} b6 {[%emt 00:00:58]} 10. Ne5 {[%clk 02:12:14]}
{[%emt 00:01:22]} Bb7 {[%emt 00:05:56]} 11. cxd5 {[%clk 02:09:26]} {[%emt
00:01:34]} Nxe5 {[%emt 00:07:19]} 12. d6 {[%clk 01:46:09]} {[%emt 00:23:49]}
Ng6 {[%emt 00:13:23]} 13. dxe7 {[%clk 01:43:18]} {[%emt 00:00:16]} Qxe7 {[%emt
00:00:14]} 14. Bd2 {[%clk 01:33:48]} {[%emt 00:09:59]} Rfd8 {[%clk 01:52:08]}
{[%emt 00:02:56]} 15. Bc3 Nd5 {[%emt 00:03:47]} 16. Nd2 {[%clk 01:28:03]}
{[%emt 00:18:32]} Rac8 17. Nb3 {[%clk 01:23:44]} a5 18. e4 {[%clk 00:58:58]}
{[%emt 00:23:44]} Nxc3 {[%emt 00:19:03]} 19. bxc3 {[%clk 00:58:38]} {[%emt
00:00:51]} c5 {[%emt 00:02:36]} 20. Qd2 {[%clk 00:58:16]} {[%emt 00:00:49]} a4
{[%emt 00:12:51]} 21. Nc1 {[%clk 00:58:10]} Ne5 {[%emt 00:10:49]} 22. Ne2
{[%clk 00:49:43]} {[%emt 00:09:00]} Nc4 {[%emt 00:17:18]} 23. Qc2 {[%clk
00:32:28]} {[%emt 00:17:48]} cxd4 {[%emt 00:02:44]} 24. Nxd4 {[%clk 00:32:38]}
{[%emt 00:00:23]} e5 {[%emt 00:02:41]} 25. Nf3 {[%clk 00:25:02]} {[%emt
00:08:09]} b5 {[%emt 00:06:12]} 26. Rfd1 {[%clk 00:24:17]} {[%emt 00:01:17]} h6
{[%emt 00:07:11]} 27. Ne1 {[%clk 00:23:41]} {[%emt 00:01:08]} Kf8 {[%emt
00:04:00]} 28. Nd3 {[%clk 00:15:01]} {[%emt 00:09:12]} Rd6 {[%emt 00:02:30]} 29.
Nb4 {[%clk 00:14:30]} {[%emt 00:01:04]} Rcd8 {[%emt 00:03:16]} 30. Nd5 {[%clk
00:13:11]} {[%emt 00:01:52]} Qd7 {[%emt 00:04:54]} 31. Bf1 {[%clk 00:11:51]}
{[%emt 00:01:54]} Bxd5 {[%emt 00:03:58]} 32. exd5 {[%clk 00:12:15]} {[%emt
00:00:07]} g6 {[%emt 00:03:26]} 33. Bxc4 {[%clk 00:11:06]} {[%emt 00:01:42]}
bxc4 {[%emt 00:00:12]} 34. Rab1 {[%clk 00:11:33]} {[%emt 00:00:03]} Kg7 {[%emt
00:01:50]} 35. Rb4 {[%clk 00:11:26]} {[%emt 00:00:40]} Rxd5 {[%emt 00:00:12]}
36. Rf1 {[%clk 00:08:11]} {[%emt 00:03:45]} Qg4 {[%emt 00:05:05]} 37. f3 {[%clk
00:05:49]} {[%emt 00:02:53]} Qh3 {[%emt 00:01:00]} 38. Qg2 {[%clk 00:04:35]}
{[%emt 00:01:47]} Qe6 {[%emt 00:03:53]} 39. Rb2 {[%clk 00:03:59]} {[%emt
00:01:09]} a3 {[%emt 00:00:15]} 40. Rc2 {[%clk 00:04:07]} {[%emt 00:00:26]} Rd1
{[%emt 00:00:10]} 41. Qe2 {[%clk 00:04:25]} {[%emt 00:00:15]} Rxf1+ {[%emt
00:00:55]} 42. Kxf1 {[%clk 00:04:25]} {[%emt 00:00:34]} Rd3 {[%emt 00:00:19]}
43. Kg2 {[%clk 00:04:04]} {[%emt 00:00:54]} Qd5 {[%emt 00:00:15]} 44. Kf2
{[%clk 00:04:21]} {[%emt 00:00:16]} h5 {[%emt 00:00:27]} 45. Kg2 {[%clk
00:03:38]} {[%emt 00:01:15]} Kf6 {[%emt 00:00:31]} 46. Kf2 {[%clk 00:03:57]}
{[%emt 00:00:13]} Rd1 {[%emt 00:00:54]} 47. Kg2 {[%clk 00:04:18]} {[%emt
00:00:13]} Qd3 {[%emt 00:00:50]} 48. Kf2 {[%clk 00:04:37]} {[%emt 00:00:12]} g5
{[%clk 00:06:07]} {[%emt 00:01:22]}  0-1

[Event "The Irish Championship 2020"]
[Site "Colaiste Eanna, Dublin, Ireland"]
[Date "2020.08.05"]
[Round "5"]
[Board "11"]
[White "Lyons, Brendan"]
[Black "O'Connell, Gerard"]
[Result "1-0"]
[WhiteElo "1941"]
[BlackElo "2075"]
[PlyCount "0"]
[EventDate "2020.08.01"]
[EventRounds "9"]
[EventCountry "IRL"]

1. e4 {[%clk 02:13:30]} {[%emt 00:02:38]} c5 {[%clk 02:16:03]} {[%emt
00:00:08]} 2. Nc3 {[%clk 02:13:56]} {[%emt 00:00:09]} Nc6 {[%clk 02:16:22]}
{[%emt 00:00:16]} 3. Bb5 {[%clk 02:14:17]} {[%emt 00:00:14]} Nd4 {[%clk
02:14:28]} {[%emt 00:02:29]} 4. Nf3 {[%clk 02:14:33]} {[%emt 00:00:18]} a6
{[%clk 02:14:09]} {[%emt 00:00:55]} 5. Bd3 {[%clk 02:14:46]} {[%emt 00:00:22]}
Nc6 {[%clk 02:08:55]} {[%emt 00:05:49]} 6. O-O {[%clk 02:14:52]} {[%emt
00:00:29]} g6 {[%clk 02:09:01]} {[%emt 00:00:29]} 7. Re1 {[%clk 02:14:29]}
{[%emt 00:00:57]} Bg7 {[%clk 02:09:29]} {[%emt 00:00:08]} 8. e5 {[%clk
02:14:58]} {[%emt 00:00:06]} Nh6 {[%clk 02:06:27]} {[%emt 00:03:36]} 9. Be4
{[%clk 02:12:01]} {[%emt 00:03:32]} Nf5 {[%clk 01:58:03]} {[%emt 00:09:00]} 10.
Bxf5 {[%clk 02:02:27]} {[%emt 00:10:08]} gxf5 {[%clk 01:54:03]} {[%emt
00:04:35]} 11. d4 {[%clk 01:48:52]} {[%emt 00:14:10]} cxd4 {[%clk 01:48:05]}
{[%emt 00:06:33]} 12. Nd5 {[%clk 01:42:15]} {[%emt 00:07:11]} d6 {[%clk
01:25:12]} {[%emt 00:27:55]} 13. Nf6+ {[%clk 00:58:53]} {[%emt 00:39:31]} Bxf6
{[%clk 01:07:13]} {[%emt 00:20:49]} 14. exf6 {[%clk 00:58:15]} e5 {[%clk
01:07:31]} {[%emt 00:01:35]} 15. Nxd4 {[%clk 00:53:50]} {[%emt 00:02:40]} Qxf6
{[%clk 00:33:10]} {[%emt 00:34:56]} 16. Nxc6 {[%clk 00:49:24]} {[%emt
00:05:01]} bxc6 {[%clk 00:33:29]} {[%emt 00:00:17]} 17. f4 {[%clk 00:49:32]}
{[%emt 00:00:26]} e4 {[%clk 00:24:22]} {[%emt 00:09:45]} 18. Be3 {[%clk
00:49:18]} {[%emt 00:00:49]} Rg8 {[%clk 00:24:47]} {[%emt 00:00:09]} 19. Qd2
{[%clk 00:33:01]} {[%emt 00:16:53]} Rb8 {[%clk 00:20:58]} {[%emt 00:04:24]} 20.
Bd4 {[%clk 00:28:26]} {[%emt 00:05:10]} Qe7 {[%clk 00:19:07]} {[%emt 00:02:27]}
21. Rad1 {[%clk 00:18:09]} {[%emt 00:10:51]} Rg6 {[%clk 00:19:20]} {[%emt
00:00:22]} 22. Qc3 {[%clk 00:18:23]} {[%emt 00:00:20]} c5 {[%clk 00:18:41]}
{[%emt 00:01:14]} 23. Bxc5 {[%clk 00:18:27]} {[%emt 00:00:31]} Qf6 {[%clk
00:12:16]} {[%emt 00:07:00]} 24. Bd4 {[%clk 00:17:23]} {[%emt 00:01:39]} Qe7
{[%clk 00:12:33]} {[%emt 00:00:18]} 25. Qe3 {[%clk 00:13:47]} {[%emt 00:04:10]}
Be6 {[%clk 00:12:09]} {[%emt 00:01:00]} 26. a3 {[%clk 00:13:55]} {[%emt
00:00:27]} f6 {[%clk 00:11:55]} {[%emt 00:00:49]} 27. Bc3 {[%clk 00:13:57]}
{[%emt 00:00:32]} Kf7 {[%clk 00:12:19]} {[%emt 00:00:11]} 28. Bb4 {[%clk
00:14:14]} {[%emt 00:00:18]} Rbg8 {[%clk 00:11:25]} {[%emt 00:01:30]} 29. Re2
{[%clk 00:09:40]} {[%emt 00:05:08]} Bc4 {[%clk 00:10:58]} {[%emt 00:01:03]} 30.
Red2 {[%clk 00:09:28]} {[%emt 00:00:45]} Qb7 {[%clk 00:11:14]} {[%emt
00:00:20]} 31. b3 {[%clk 00:09:20]} {[%emt 00:00:43]} Bb5 {[%clk 00:10:41]}
{[%emt 00:01:08]} 32. Bxd6 {[%clk 00:09:23]} {[%emt 00:00:32]} h5 {[%clk
00:10:38]} {[%emt 00:00:39]} 33. c4 {[%clk 00:05:51]} {[%emt 00:04:06]} Bc6
{[%clk 00:11:09]} {[%emt 00:00:04]} 34. b4 {[%clk 00:06:07]} {[%emt 00:00:18]}
h4 {[%clk 00:11:40]} {[%emt 00:00:04]} 35. Bc5 {[%clk 00:06:11]} {[%emt
00:00:32]} Rg3 {[%clk 00:11:48]} {[%emt 00:00:28]} 36. hxg3 {[%clk 00:04:06]}
{[%emt 00:02:40]} Rxg3 {[%clk 00:12:15]} {[%emt 00:00:06]} 37. Qe2 {[%clk
00:03:22]} {[%emt 00:01:20]} e3 {[%clk 00:12:40]} {[%emt 00:00:10]} 38. Qh5+
{[%clk 00:03:25]} {[%emt 00:00:31]} Kg7 {[%clk 00:09:32]} {[%emt 00:03:44]} 39.
Bf8+ {[%clk 00:02:34]} {[%emt 00:01:26]} Kxf8 {[%clk 00:03:01]} {[%emt
00:07:06]} 40. Rd8+ {[%clk 00:02:47]} {[%emt 00:00:22]} Kg7 {[%clk 00:03:32]}
{[%emt 00:00:04]} 41. Qh8+ {[%clk 00:02:49]} {[%emt 00:00:33]} Kf7 {[%clk
00:01:35]} {[%emt 00:02:32]} 42. Rf8+ {[%clk 00:01:43]} {[%emt 00:01:40]}  1-0